Focus (Record no. 77571)

MARC details
000 -LEADER
fixed length control field 00953cab a2200253 4500
001 - CONTROL NUMBER
control field ##L134576
008 - FIXED-LENGTH DATA ELEMENTS--GENERAL INFORMATION
fixed length control field 060817n2006 000 0 eng u
035 ## - SYSTEM CONTROL NUMBER
System control number (Sirsi) u134576
041 0# - LANGUAGE CODE
Language code of text/sound track or separate title eng
100 1# - MAIN ENTRY--PERSONAL NAME
Personal name Pilkington, Lisa
245 00 - TITLE STATEMENT
Title Focus
Remainder of title Isle of Man and Channel Islands
260 ## - PUBLICATION, DISTRIBUTION, ETC.
Date of publication, distribution, etc. 2006
490 #0 - SERIES STATEMENT
Series statement Estates Gazette
Volume/sequential designation (0632) 12 August 2006, 61-73(9)
520 ## - SUMMARY, ETC.
Summary, etc. Reports on plans for three waterfront schemes in Jersey that could change radically after the masterplan was deemed to have significant flaws; a retail scheme at St Sampson in Guernsey; and the benefits and possible problems of the Isle of Man's zero tax regime, designed to attract more business.
590 ## - LOCAL NOTE (RLIN)
Local note IKA220806
651 #4 - SUBJECT ADDED ENTRY--GEOGRAPHIC NAME
Geographic name JERSEY
651 #4 - SUBJECT ADDED ENTRY--GEOGRAPHIC NAME
Geographic name GUERNSEY
651 #4 - SUBJECT ADDED ENTRY--GEOGRAPHIC NAME
Geographic name CHANNEL ISLANDS
651 #4 - SUBJECT ADDED ENTRY--GEOGRAPHIC NAME
Geographic name ISLE OF MAN
690 ## - LOCAL SUBJECT ADDED ENTRY--TOPICAL TERM (OCLC, RLIN)
Topical term or geographic name as entry element PROPERTY-COMMERCIAL PROPERTY-COMMERCIAL PROPERTY MARKET
700 1# - ADDED ENTRY--PERSONAL NAME
Personal name Henry, Alison
700 1# - ADDED ENTRY--PERSONAL NAME
Personal name Quinn, David
942 ## - ADDED ENTRY ELEMENTS (KOHA)
Suppress in OPAC 0
Holdings
Withdrawn status Lost status Source of classification or shelving scheme Damaged status Not for loan Home library Current library Shelving location Date acquired Total Checkouts Full call number Barcode Date last seen Copy number Price effective from Koha item type
    Dewey Decimal Classification     London London Journal article 17/08/2006   L134576 134576-1001 06/08/2019 1 06/08/2019 Journal article